Loading...
| Fine Arts - Auditory Fine Arts | 6 | 8.33 | 83% | 0% | 0% |
| Fine Arts - Other Fine Arts | 5 | 8.00 | 80% | 0% | 0% |
| Fine Arts - Visual Fine Arts | 5 | 10.00 | 100% | 0% | 0% |
| Geography | 1 | 10.00 | 100% | 0% | 0% |
| History - American History | 5 | 12.00 | 80% | 40% | 0% |
| History - European History | 3 | 10.00 | 67% | 0% | 33% |
| History - Other History | 4 | 12.50 | 100% | 25% | 0% |
| History - World History | 5 | 14.00 | 100% | 20% | 20% |
| Literature - American Literature | 4 | 12.50 | 100% | 0% | 25% |
| Literature - British Literature | 5 | 6.00 | 60% | 0% | 0% |
| Literature - European Literature | 4 | 10.00 | 100% | 0% | 0% |
| Literature - World Literature | 5 | 10.00 | 100% | 0% | 0% |
| Mythology | 3 | 13.33 | 100% | 33% | 0% |
| Philosophy | 4 | 2.50 | 25% | 0% | 0% |
| Pop Culture | 2 | 5.00 | 50% | 0% | 0% |
| Religion | 8 | 12.50 | 88% | 38% | 0% |
| Science - Biology | 4 | 17.50 | 100% | 50% | 25% |
| Science - Chemistry | 6 | 13.33 | 83% | 33% | 17% |
| Science - Other Science | 1 | 0.00 | 0% | 0% | 0% |
| Science - Physics | 4 | 20.00 | 100% | 75% | 25% |
| Social Science | 3 | 10.00 | 67% | 0% | 33% |